000 00509nam a22002057a 4500
003 OSt
005 20250205131753.0
008 250205b |||||||| |||| 00| 0 eng d
020 _a9789350980620
040 _cSKBL
041 _aeng
082 _a954
_bBHA
100 _aBhattacharya, Swapna
_eaut
245 _aThe Rakhine State (Arakan) of Myanmar
_bInterrogating History Culture and Conflict
250 _aFirst
260 _aDelhi
_bManohar
_c2015
300 _a184p.
700 _eaut
942 _cBK
999 _c67487
_d67487